Statystyki dla Miasta województwa dolnośląskiego (dawne nazwy)

Kliknij tutaj aby rozwiązać quiz!

Ogólne statystyki

  • Ten quiz został rozwiązany 75 razy
  • Średni wynik to 10 z 16

Statystyki odpowiedzi

Niemiecka:Polska:% Poprawnych
BreslauWrocław
100%
WaldenburgWałbrzych
93%
SchweidnitzŚwidnica
88%
LübenLubin
87%
Hirschberg im RiesengebirgeJelenia Góra
81%
MilitschMilicz
81%
BuntzlauBolesławiec
74%
GlatzKłodzko
66%
OelsOleśnica
65%
GoldbergZłotoryja
63%
FrankensteinZąbkowice Śląskie
54%
Bad LandeckLądek Zdrój
46%
Reichenbach im EulengebirgeDzierżoniów
41%
KrummhübelKarpacz
40%
SchreiberhauSzklarska Poręba
34%
Bad ReinerzDuszniki Zdrój
26%

Rozkład punktacji

Percentyl według liczby udzielonych odpowiedzi

Procent ludzi z każdym wynikiem

Twoja historia wyników

Nie rozwiązałeś tego quizu